| 000 | 00931nas a2200301 4500 | ||
|---|---|---|---|
| 001 | BR2012008309 | ||
| 003 | BR-BrBNA | ||
| 005 | 20231205121640.0 | ||
| 007 | ta | ||
| 008 | 230509b bl.|||p| |||| 00| 00por d | ||
| 040 |
_aBR-BrBNA _bpor _cBiblioteca Nacional de Agricultura |
||
| 041 | _a(Pt) | ||
| 072 | _aE16 | ||
| 100 | 1 | _aSousa, G.S. de | |
| 100 | 1 | _aPires, M. de M. | |
| 100 | 1 | _aRosado, P.L. | |
| 245 | 1 | _aEfeitos de políticas sobre a competitividade e eficiência da cadeia produtiva de biodisel de dendê na região do Baixo Sul da Bahia | |
| 650 | _aDENDÊ | ||
| 650 | _aPRODUÇÃO | ||
| 650 | _aBIOCOMBUSTÍVEL | ||
| 650 | _aLUCRO | ||
| 650 | _aCADEIA PRODUTIVA | ||
| 650 | _aPRODUTIVIDADE | ||
| 650 | _aBAHIA | ||
| 773 | 0 |
_tRevista Econômica do Nordeste (Brazil) _xISSN 0100-4956 _g(Dec 2011), v. 42(4) p. 827-841 _wBR2012008309 |
|
| 909 |
_a202311 _bLúcia _c55 _dLúcia Elande |
||
| 942 |
_2AGRIS _n0 _cANA |
||
| 999 |
_c224556 _d224556 |
||